| 000 | 01058cac a22002531u 4500 | ||
|---|---|---|---|
| 090 | _c7478 | ||
| 008 | 081102t1997 xxu||||| |||| 00| 0 eng d | ||
| 010 | _a96023944 | ||
| 020 | _a0195095731 (alk. paper) | ||
| 082 | 0 | 0 |
_a126 _bLUD |
| 100 | _aLudwig, Arnold M. | ||
| 245 | 1 | 0 |
_aHow do we know who we are? : _ba biography of the self / _cArnold M. Ludwig. |
| 260 |
_aOxford ; _aNew York : _bOxford University Press, _c1997. |
||
| 300 |
_a292 p. : _bill. ; _c24 cm. |
||
| 500 | _adistributer: Al-Ahram | ||
| 504 | _aIncludes bibliographical references (p. 265-285) and index. | ||
| 511 | _acatalogued by: wessam | ||
| 650 | 0 | _aHuman beings. | |
| 650 | 0 | _aSelf (Philosophy) | |
| 856 | 4 | 2 |
_3Publisher description _uhttp://www.loc.gov/catdir/enhancements/fy0637/96023944-d.html |
| 856 | 4 | 2 |
_3Contributor biographical information _uhttp://www.loc.gov/catdir/enhancements/fy0724/96023944-b.html |
| 942 |
_cBB _k126LUD _2ddc |
||
| 999 |
_c7478 _d7478 |
||